Le Parti communiste dans la société française /

Saved in:
Bibliographic Details
Main Author: Burles, Jean
Format: Book
Language:French
Published: Paris : Éditions sociales, 1979.
Subjects:
LEADER 00983nam a2200277 i 4500
001 c000336063
003 CARM
005 00000000000000.0
008 790910s1979 fr 00010 fre
015 |a F79-3989 
019 1 |a 1551055  |5 LACONCORD2021 
020 |a 220905317X :  |c 30.00F 
035 |a (OCoLC)4785992  |5 LACONCORD2021 
043 |a e-fr--- 
050 0 0 |a JN3007.C6  |b B87 
082 0 0 |a 329.9/44 
100 1 |a Burles, Jean. 
245 1 3 |a Le Parti communiste dans la société française /  |c Jean Burles. 
260 |a Paris :  |b Éditions sociales,  |c 1979. 
300 |a 176 p. ;  |c 19 cm. 
610 2 0 |a Parti communiste français  |x History. 
651 0 |a France  |x Economic conditions  |y 20th century. 
651 0 |a France  |x Social conditions. 
852 8 |b CARM  |h A1:AM07A0  |i A04679  |p 0416341  |f BK 
999 f f |i 30dbdd06-aeb9-5694-93d0-232b8f3f1f78  |s a7dba9f7-9e80-59a6-8542-eff88d649bda 
952 f f |p Can circulate  |a CAVAL  |b CAVAL  |c CAVAL  |d CARM 1 Store  |e A04679  |f A1:AM07A0  |h Other scheme  |i book  |m 0416341